000 00320nam a2200145Ia 4500
100 _aMatthews/J.H.
942 _cBK
654 _aNumerical Methods
245 _aNumerical Methods For Maths
260 _bPrentice Hall of India
_aNewDelhi
_c1994
082 _a515
300 _a656
546 _aENGLISH
999 _c34492
_d34492